000 00807nam a2200181 i 4500
001 80689
003 ES-MaACL
005 20250928121400.0
007 t|
008 041029s1999 sp ||||1| spa d
100 1 _aHolde, D.
_963997
245 1 0 _aTraité d'analyse des huiles minerales des matières grasses des goudrons et bitumes et des produits dérivés comprenant une étude speciale des huiles de graissage /
_cpar D. Holde ; édition française publiée d'aprés la deuxieme édition allemande augmentée et mise au courant des travaux les plusrécents par L. Gautier.
260 _aParis :
_b[s.n.],
_c1909 (
_eSaint-Amand :
_fImp. Bussiere)
300 _a527 p. ;
_c25 cm.
700 1 _aGautier, Léopold-Alexandre,
_d1838-19..
_956052
852 _aES-MaACL
_jG-14048
999 _c80689
_d80689